000
00331nam a22001457a 4500
008
230518b ||||| |||| 00| 0 eng d
020
_a
9781418038724
041
_a
eng
080
_2
SECOND EDITION
_a
159.9
082
_a
159.9OTO
100
_a
25
101
_a
PSI
245
_a
PSYCHIATRIC NURSING
_c
OTONG-A.D
942
_2
udc
_c
BK
999
_c
59780
_d
59780